| 000 | 00787nam a22002177a 4500 | ||
|---|---|---|---|
| 003 | 0 | ||
| 005 | 20250310150742.0 | ||
| 008 | 250310b xxu||||| |||| 00| 0 eng d | ||
| 020 | _a978-1-510-45434-7 | ||
| 050 |
_aTR IB PC 4115 _b.B149 2019 |
||
| 100 |
_aBagwe, Kasturi, _eauthor. |
||
| 245 |
_aSpanish ab initio : _bgrammar and skills workbook / _cKasturi Bagwe and Monia Voegelin. |
||
| 260 |
_aLondon : _bHodder Education, _c2019. |
||
| 300 |
_a104 pages : _billustrations ; _c30 cm. |
||
| 500 | _aFor the IB diploma by concept. | ||
| 650 |
_aSpanish language _xGrammar _vProblems, exercises, etc. |
||
| 650 |
_aSpanish language _xTextbooks for foreign speakers _vEnglish. |
||
| 650 |
_aSpanish language _xStudy and teaching. |
||
| 700 |
_aVoegelin, Monia, _eauthor. |
||
| 942 |
_2lcc _cBK |
||
| 999 |
_c367276 _d367276 |
||